[Event "Greek Championship 2018"]
[Site "Thessaloniki"]
[Date "2018.12.15"]
[Round "4.3"]
[White "Nikolaidis, Ioannis"]
[Black "Gouloutis, Nikolaos"]
[Result "1/2-1/2"]
[BlackElo "2353"]
[WhiteElo "2564"]
[LiveChessVersion "1.4.8"]

1. d4 {[%clk 1:28:15]} Nf6 {[%clk 1:30:54]} 2. c4 {[%clk 1:28:12]} e6
{[%clk 1:31:18]} 3. Nf3 {[%clk 1:28:35]} Bb4+ {[%clk 1:31:31]} 4. Bd2
{[%clk 1:28:41]} a5 {[%clk 1:31:54]} 5. Qc2 {[%clk 1:27:25]} d6 {[%clk 1:16:26]}
6. Nc3 {[%clk 1:26:20]} Nbd7 {[%clk 1:14:25]} 7. a3 {[%clk 1:22:12]} Bxc3
{[%clk 1:13:52]} 8. Bxc3 {[%clk 1:22:38]} Qe7 {[%clk 1:13:59]} 9. b3
{[%clk 1:18:12]} e5 {[%clk 1:11:01]} 10. e3 {[%clk 1:17:51]} O-O {[%clk 1:09:53]}
11. Be2 {[%clk 1:15:50]} Re8 {[%clk 1:02:12]} 12. O-O {[%clk 1:13:28]} e4
{[%clk 1:00:56]} 13. Nd2 {[%clk 1:13:43]} d5 {[%clk 1:01:23]} 14. b4
{[%clk 1:12:17]} axb4 {[%clk 0:57:43]} 15. axb4 {[%clk 1:06:20]} Rxa1
{[%clk 0:58:02]} 16. Rxa1 {[%clk 1:06:46]} dxc4 {[%clk 0:53:25]} 17. b5
{[%clk 0:59:50]} Nd5 {[%clk 0:50:03]} 18. Nxc4 {[%clk 0:59:41]} N7b6
{[%clk 0:41:58]} 19. Nxb6 {[%clk 0:56:08]} cxb6 {[%clk 0:40:04]} 20. Bd2
{[%clk 0:42:12]} f5 {[%clk 0:33:10]} 21. Ra8 {[%clk 0:37:13]} Be6
{[%clk 0:33:24]} 22. Qa4 {[%clk 0:37:11]} Kf7 {[%clk 0:31:25]} 23. h3
{[%clk 0:32:33]} Qd7 {[%clk 0:27:50]} 24. Rxe8 {[%clk 0:28:24]} Qxe8
{[%clk 0:28:11]} 25. f3 {[%clk 0:27:28]} exf3 {[%clk 0:21:25]} 26. Bxf3
{[%clk 0:26:43]} Qb8 {[%clk 0:21:51]} 27. Qa2 {[%clk 0:19:25]} Qd8
{[%clk 0:17:59]} 28. Qb1 {[%clk 0:18:02]} Qd7 {[%clk 0:14:59]} 29. e4
{[%clk 0:13:33]} fxe4 {[%clk 0:15:24]} 30. Qxe4 {[%clk 0:13:55]} Nf6
{[%clk 0:09:40]} 31. Qe5 {[%clk 0:10:03]} Bd5 {[%clk 0:09:43]} 32. Be2
{[%clk 0:09:44]} Qe7 {[%clk 0:08:24]} 33. Qxe7+ {[%clk 0:08:06]} Kxe7
{[%clk 0:08:43]} 34. Bg5 {[%clk 0:08:21]} Ke6 {[%clk 0:07:59]} 35. Bxf6
{[%clk 0:08:41]} Kxf6 {[%clk 0:08:22]} 36. Kf2 {[%clk 0:08:49]} Ke6
{[%clk 0:02:35]} 37. h4 {[%clk 0:07:38]} Kd6 {[%clk 0:02:20]} 38. g3
{[%clk 0:07:01]} Be6 {[%clk 0:02:15]} 39. Ke3 {[%clk 0:07:20]} Bd7
{[%clk 0:00:48]} 40. Bc4 {[%clk 0:36:58]} Be8 {[%clk 0:30:36]} 41. Kf4
{[%clk 0:36:43]} Bg6 {[%clk 0:25:36]} 42. Ke3 {[%clk 0:32:10]} Be8
{[%clk 0:25:32]} 43. Ke4 {[%clk 0:31:40]} Bg6+ {[%clk 0:24:22]} 44. Kf4
{[%clk 0:32:07]} Bc2 {[%clk 0:23:43]} 45. g4 {[%clk 0:31:21]} h6 {[%clk 0:13:58]}
46. g5 {[%clk 0:28:49]} hxg5+ {[%clk 0:14:23]} 47. Kxg5 {[%clk 0:29:10]} Bb1
{[%clk 0:14:38]} 48. Kg4 {[%clk 0:21:48]} Bc2 {[%clk 0:15:00]} 49. Kf4
{[%clk 0:22:09]} Bb1 {[%clk 0:14:36]} 50. Be2 {[%clk 0:20:45]} Bc2
{[%clk 0:14:01]} 51. Ke3 {[%clk 0:14:35]} Bg6 {[%clk 0:13:38]} 52. Bd3
{[%clk 0:14:10]} Be8 {[%clk 0:13:37]} 53. Bc4 {[%clk 0:12:47]} Bg6
{[%clk 0:14:01]} 54. Kf4 {[%clk 0:13:13]} Bc2 {[%clk 0:14:12]} 55. Be2
{[%clk 0:12:53]} Bb1 {[%clk 0:14:30]} 56. Ke3 {[%clk 0:09:08]} Bg6
{[%clk 0:14:40]} 57. Kd2 {[%clk 0:09:17]} Be4 {[%clk 0:13:18]} 58. Bd3
{[%clk 0:09:22]} Bd5 {[%clk 0:13:22]} 59. Ke3 {[%clk 0:09:46]} Bf7
{[%clk 0:13:37]} 60. Kf4 {[%clk 0:10:06]} Kd5 {[%clk 0:09:20]} 61. Ke3
{[%clk 0:10:29]} Kd6 {[%clk 0:09:45]} 62. Be2 {[%clk 0:10:52]} Bg6
{[%clk 0:09:31]} 63. Bc4 {[%clk 0:10:46]} 1/2-1/2

[Event "Greek Championship 2018"]
[Site "Thessaloniki"]
[Date "2018.12.15"]
[Round "4.5"]
[White "Mastrovasilis, Athanasios"]
[Black "Grivas, Efstratios"]
[Result "1-0"]
[BlackElo "2424"]
[WhiteElo "2510"]
[LiveChessVersion "1.4.8"]

1. d4 {[%clk 1:30:46]} f5 {[%clk 1:30:50]} 2. Nc3 {[%clk 1:30:46]} Nf6
{[%clk 1:31:11]} 3. Bg5 {[%clk 1:30:58]} d5 {[%clk 1:31:30]} 4. e3
{[%clk 1:30:15]} e6 {[%clk 1:31:01]} 5. Nf3 {[%clk 1:30:06]} Be7 6. Bd3
{[%clk 1:29:54]} O-O {[%clk 1:29:28]} 7. O-O {[%clk 1:30:11]} Ne4
{[%clk 1:25:08]} 8. Bxe7 {[%clk 1:28:17]} Qxe7 {[%clk 1:25:20]} 9. Ne2 Nd7 10. c4
{[%clk 1:28:21]} c6 {[%clk 1:23:59]} 11. Rc1 {[%clk 1:28:12]} Nd6
{[%clk 1:12:57]} 12. Qb3 {[%clk 1:26:03]} Qf6 {[%clk 0:41:20]} 13. h4
{[%clk 1:09:40]} Kh8 {[%clk 0:33:23]} 14. Qa3 {[%clk 0:48:45]} e5 15. dxe5
{[%clk 0:48:08]} Nxe5 {[%clk 0:33:37]} 16. Nxe5 {[%clk 0:46:25]} Qxe5
{[%clk 0:32:09]} 17. cxd5 {[%clk 0:38:49]} cxd5 {[%clk 0:28:35]} 18. Rc7
{[%clk 0:33:42]} Be6 {[%clk 0:26:44]} 19. Nd4 {[%clk 0:30:23]} Bg8
{[%clk 0:20:35]} 20. Rd7 {[%clk 0:30:23]} Nc4 {[%clk 0:20:54]} 21. Bxc4
{[%clk 0:21:57]} dxc4 {[%clk 0:17:58]} 22. Rxb7 {[%clk 0:20:54]} f4
{[%clk 0:17:06]} 23. Nf3 {[%clk 0:20:54]} Qf6 {[%clk 0:17:06]} 24. e4
{[%clk 0:20:21]} Qg6 {[%clk 0:11:59]} 25. Rd1 {[%clk 0:17:53]} Qxe4
{[%clk 0:06:48]} 26. Rdd7 {[%clk 0:17:05]} Qg6 {[%clk 0:05:56]} 27. Rxg7
{[%clk 0:08:14]} Qxg7 {[%clk 0:05:56]} 28. Rxg7 {[%clk 0:08:38]} Kxg7
{[%clk 0:06:23]} 29. Qe7+ {[%clk 0:07:40]} Rf7 {[%clk 0:03:12]} 30. Qg5+
{[%clk 0:06:45]} Kh8 {[%clk 0:03:22]} 31. Qe5+ {[%clk 0:06:17]} Rg7
{[%clk 0:02:55]} 32. Nd4 1-0

[Event "Greek Championship 2018"]
[Site "Thessaloniki"]
[Date "2018.12.16"]
[Round "5.1"]
[White "Grivas, Efstratios"]
[Black "Kanakaris, Georgios"]
[Result "0-1"]
[BlackElo "2401"]
[WhiteElo "2424"]
[LiveChessVersion "1.4.8"]

1. d4 {[%clk 1:30:56]} d5 {[%clk 1:30:38]} 2. c4 {[%clk 1:31:01]} c6
{[%clk 1:30:37]} 3. Nf3 {[%clk 1:31:05]} Nf6 {[%clk 1:30:54]} 4. Nc3
{[%clk 1:29:42]} e6 {[%clk 1:31:00]} 5. Qd3 {[%clk 1:27:19]} Nbd7
{[%clk 1:20:46]} 6. g3 {[%clk 1:26:03]} Be7 {[%clk 1:14:51]} 7. Bg2
{[%clk 1:24:59]} O-O {[%clk 1:12:55]} 8. O-O {[%clk 1:24:17]} b6 {[%clk 1:08:49]}
9. cxd5 {[%clk 1:15:48]} exd5 {[%clk 1:08:29]} 10. Bf4 {[%clk 1:12:52]} Bb7
{[%clk 0:55:46]} 11. Rad1 {[%clk 1:01:00]} Re8 {[%clk 0:38:59]} 12. Rfe1
{[%clk 0:55:53]} Nf8 {[%clk 0:36:30]} 13. Ne5 {[%clk 0:50:15]} Ne6
{[%clk 0:28:36]} 14. Be3 {[%clk 0:50:03]} Bd6 {[%clk 0:21:23]} 15. f4
{[%clk 0:44:57]} Qe7 {[%clk 0:19:45]} 16. Bf2 {[%clk 0:43:58]} c5
{[%clk 0:19:57]} 17. e3 {[%clk 0:44:11]} Rad8 {[%clk 0:17:22]} 18. Qc2
{[%clk 0:37:31]} Bb8 {[%clk 0:16:47]} 19. a3 {[%clk 0:32:49]} a6 {[%clk 0:13:59]}
20. Rd2 {[%clk 0:31:09]} b5 {[%clk 0:11:25]} 21. Qd1 {[%clk 0:16:45]} c4
{[%clk 0:09:17]} 22. Qc2 {[%clk 0:13:04]} Qd6 {[%clk 0:05:59]} 23. g4
{[%clk 0:12:46]} Ne4 {[%clk 0:06:15]} 24. Nxe4 {[%clk 0:06:11]} dxe4
{[%clk 0:06:40]} 25. Bxe4 {[%clk 0:06:15]} Bxe4 {[%clk 0:07:02]} 26. Qxe4
{[%clk 0:06:43]} f6 {[%clk 0:07:18]} 27. Bh4 {[%clk 0:04:06]} fxe5
{[%clk 0:05:04]} 28. Bxd8 {[%clk 0:04:13]} Qxd8 {[%clk 0:05:29]} 29. fxe5
{[%clk 0:04:16]} Ng5 {[%clk 0:05:40]} 30. Qc6 {[%clk 0:03:49]} Re6
{[%clk 0:03:12]} 31. Qg2 {[%clk 0:02:58]} Bxe5 {[%clk 0:02:31]} 32. Rf1
{[%clk 0:00:57]} Bd6 {[%clk 0:01:48]} 33. Rdf2 {[%clk 0:01:08]} h6
{[%clk 0:01:50]} 34. Rf5 {[%clk 0:00:39]} Ne4 {[%clk 0:02:00]} 35. Kh1
{[%clk 0:00:37]} Qh4 {[%clk 0:02:09]} 36. R5f3 {[%clk 0:00:33]} Ng3+
{[%clk 0:00:56]} 37. Rxg3 {[%clk 0:00:57]} Bxg3 {[%clk 0:01:23]} 38. Qxg3
{[%clk 0:01:17]} Qxg3 {[%clk 0:01:48]} 39. hxg3 {[%clk 0:01:41]} Rxe3
{[%clk 0:02:14]} 40. Kg2 {[%clk 0:30:58]} Rd3 {[%clk 0:31:24]} 41. Rf2
{[%clk 0:21:29]} Rxd4 {[%clk 0:31:46]} 42. Kh3 {[%clk 0:21:28]} Rd6
{[%clk 0:31:07]} 43. g5 {[%clk 0:20:37]} hxg5 {[%clk 0:31:15]} 44. Kg4
{[%clk 0:20:58]} Rd5 {[%clk 0:31:34]} 45. Kh5 {[%clk 0:20:47]} Kh7
{[%clk 0:31:36]} 46. Rf7 {[%clk 0:19:46]} Rd2 {[%clk 0:27:51]} 47. Ra7
{[%clk 0:19:14]} Rxb2 {[%clk 0:27:12]} 48. Rxa6 {[%clk 0:19:24]} c3
{[%clk 0:25:01]} 49. Kxg5 {[%clk 0:15:00]} Ra2 {[%clk 0:24:26]} 50. Rb6
{[%clk 0:14:29]} Rxa3 {[%clk 0:24:34]} 51. Rxb5 {[%clk 0:14:54]} c2
{[%clk 0:24:57]} 52. Rc5 {[%clk 0:15:22]} Ra5 {[%clk 0:25:24]} 0-1

[Event "Greek Championship 2018"]
[Site "Thessaloniki"]
[Date "2018.12.16"]
[Round "5.3"]
[White "Gouloutis, Nikolaos"]
[Black "Skaperdas, Kostantinos"]
[Result "1/2-1/2"]
[BlackElo "2231"]
[WhiteElo "2353"]
[LiveChessVersion "1.4.8"]

1. Nf3 {[%clk 1:30:56]} d5 {[%clk 1:30:14]} 2. g3 {[%clk 1:31:12]} g6
{[%clk 1:29:18]} 3. Bg2 {[%clk 1:25:28]} Bg7 {[%clk 1:29:29]} 4. d4
{[%clk 1:25:19]} Nf6 {[%clk 1:29:46]} 5. O-O {[%clk 1:25:43]} O-O
{[%clk 1:29:46]} 6. c4 {[%clk 1:26:10]} dxc4 {[%clk 1:30:01]} 7. Na3
{[%clk 1:26:35]} c5 {[%clk 1:30:17]} 8. Nxc4 {[%clk 1:25:27]} Be6
{[%clk 1:30:39]} 9. b3 {[%clk 1:13:45]} cxd4 {[%clk 1:18:11]} 10. Nxd4
{[%clk 1:12:38]} Bd5 {[%clk 1:18:21]} 11. Bb2 {[%clk 1:06:47]} Bxg2
{[%clk 1:16:16]} 12. Kxg2 {[%clk 1:07:13]} Qd5+ {[%clk 1:16:02]} 13. f3
{[%clk 1:03:44]} Rd8 {[%clk 1:09:30]} 14. e4 {[%clk 0:39:22]} Qc5
{[%clk 1:00:42]} 15. Ne6 {[%clk 0:39:13]} Rxd1 {[%clk 1:00:51]} 16. Nxc5
{[%clk 0:39:39]} Rxa1 {[%clk 0:59:42]} 17. Rxa1 {[%clk 0:39:57]} b6
{[%clk 0:59:50]} 18. Rd1 {[%clk 0:35:54]} Nc6 {[%clk 0:56:26]} 19. Na6
{[%clk 0:34:00]} Rd8 {[%clk 0:53:53]} 20. Rxd8+ {[%clk 0:33:06]} Nxd8
{[%clk 0:54:22]} 21. Nb8 {[%clk 0:30:38]} Ne8 {[%clk 0:31:45]} 22. Ba3
{[%clk 0:25:27]} e6 {[%clk 0:30:43]} 23. Be7 {[%clk 0:16:53]} Nb7
{[%clk 0:30:53]} 24. a4 {[%clk 0:17:14]} Nc7 {[%clk 0:20:38]} 25. Bd6
{[%clk 0:17:36]} Na8 {[%clk 0:18:26]} 26. e5 {[%clk 0:15:30]} Bf8
{[%clk 0:15:05]} 27. Nd7 {[%clk 0:13:26]} Bxd6 {[%clk 0:11:44]} 28. exd6
{[%clk 0:06:44]} a6 {[%clk 0:07:11]} 29. Ndxb6 {[%clk 0:06:42]} Nxb6
{[%clk 0:06:34]} 30. Nxb6 {[%clk 0:07:09]} Nxd6 {[%clk 0:06:55]} 31. b4
{[%clk 0:07:37]} Ne8 {[%clk 0:05:29]} 32. Nd7 {[%clk 0:06:15]} Nc7
{[%clk 0:05:29]} 33. f4 {[%clk 0:05:41]} f5 {[%clk 0:05:17]} 34. Nc5
{[%clk 0:01:32]} Kf7 {[%clk 0:05:32]} 35. Kf2 {[%clk 0:01:46]} Ke7
{[%clk 0:05:43]} 36. Ke2 {[%clk 0:01:41]} Kd6 {[%clk 0:05:45]} 37. Kd3
{[%clk 0:01:59]} e5 {[%clk 0:04:23]} 38. fxe5+ {[%clk 0:00:37]} Kxe5
{[%clk 0:04:52]} 39. Kc4 {[%clk 0:01:03]} g5 {[%clk 0:04:15]} 40. Nd7+
{[%clk 0:30:40]} Kd6 {[%clk 0:31:07]} 41. Nf8 {[%clk 0:19:51]} h6
{[%clk 0:30:23]} 42. Kd4 {[%clk 0:20:06]} Ke7 {[%clk 0:19:43]} 43. Ng6+
{[%clk 0:20:32]} Kf6 {[%clk 0:15:28]} 44. Nf8 {[%clk 0:20:49]} Ke7
{[%clk 0:15:56]} 45. Ng6+ {[%clk 0:21:10]} Kf6 {[%clk 0:16:15]} 46. Ne5
{[%clk 0:20:41]} Ne6+ {[%clk 0:15:41]} 47. Kd5 {[%clk 0:21:06]} Nc7+
{[%clk 0:16:02]} 48. Kd6 {[%clk 0:21:32]} Ne8+ {[%clk 0:16:25]} 49. Kd5
{[%clk 0:21:57]} Nc7+ {[%clk 0:16:51]} 50. Kd4 {[%clk 0:22:24]} Ne6+
{[%clk 0:17:16]} 1/2-1/2

[Event "Greek Championship 2018"]
[Site "Thessaloniki"]
[Date "2018.12.16"]
[Round "5.4"]
[White "Kourkoulos-Arditis, Stamatis"]
[Black "Nikolaidis, Ioannis"]
[Result "1-0"]
[BlackElo "2564"]
[WhiteElo "2424"]
[LiveChessVersion "1.4.8"]

1. e4 {[%clk 1:30:57]} c6 {[%clk 1:30:26]} 2. d4 {[%clk 1:31:22]} d5
{[%clk 1:30:53]} 3. e5 {[%clk 1:31:47]} Bf5 {[%clk 1:31:19]} 4. h4
{[%clk 1:32:12]} h6 {[%clk 1:31:14]} 5. g4 {[%clk 1:32:26]} Bd7 {[%clk 1:31:40]}
6. Nc3 {[%clk 1:32:51]} e6 {[%clk 1:31:31]} 7. Be3 {[%clk 1:33:01]} c5
{[%clk 1:31:21]} 8. dxc5 {[%clk 1:33:16]} a6 {[%clk 1:31:29]} 9. f4
{[%clk 1:22:56]} Qc7 {[%clk 1:30:40]} 10. Nf3 {[%clk 1:18:40]} Bxc5
{[%clk 1:30:30]} 11. Bxc5 {[%clk 1:16:48]} Qxc5 {[%clk 1:30:56]} 12. Qd4
{[%clk 1:17:06]} Qxd4 {[%clk 1:27:38]} 13. Nxd4 {[%clk 1:17:31]} Nc6
{[%clk 1:27:19]} 14. Nxc6 {[%clk 1:09:18]} Bxc6 {[%clk 1:20:53]} 15. Bd3
{[%clk 1:09:31]} Ne7 {[%clk 1:19:15]} 16. Ne2 {[%clk 0:54:52]} Bb5
{[%clk 1:10:29]} 17. h5 {[%clk 0:55:01]} Bxd3 {[%clk 1:10:08]} 18. cxd3
{[%clk 0:55:27]} Nc6 {[%clk 1:08:46]} 19. d4 {[%clk 0:54:57]} f6 {[%clk 1:02:11]}
20. Kd2 {[%clk 0:52:38]} Rc8 {[%clk 0:58:03]} 21. Rag1 {[%clk 0:48:19]} fxe5
{[%clk 0:56:48]} 22. fxe5 {[%clk 0:48:38]} O-O {[%clk 0:48:41]} 23. g5
{[%clk 0:42:58]} Rf2 {[%clk 0:44:01]} 24. Ke1 {[%clk 0:42:39]} Rxe2+
{[%clk 0:33:05]} 25. Kxe2 {[%clk 0:42:54]} Nxd4+ {[%clk 0:32:41]} 26. Kd3
{[%clk 0:39:11]} Nf3 {[%clk 0:26:36]} 27. gxh6 {[%clk 0:39:35]} Nxe5+
{[%clk 0:24:27]} 28. Ke3 {[%clk 0:39:56]} Rc7 {[%clk 0:21:07]} 29. hxg7
{[%clk 0:39:07]} Rxg7 {[%clk 0:21:24]} 30. h6 {[%clk 0:36:00]} Rxg1
{[%clk 0:17:38]} 31. Rxg1+ {[%clk 0:36:26]} Kh7 {[%clk 0:18:03]} 32. Rg7+
{[%clk 0:36:50]} Kxh6 {[%clk 0:18:28]} 33. Re7 {[%clk 0:36:56]} Kg5
{[%clk 0:16:39]} 34. Rxe6 {[%clk 0:37:00]} Kf5 {[%clk 0:16:55]} 35. Re7
{[%clk 0:37:14]} d4+ {[%clk 0:16:31]} 36. Kd2 {[%clk 0:37:16]} b5
{[%clk 0:16:51]} 37. b3 {[%clk 0:33:25]} Ke4 {[%clk 0:16:10]} 38. Ra7
{[%clk 0:29:15]} Nf3+ {[%clk 0:16:24]} 39. Kd1 {[%clk 0:28:49]} Kd3
{[%clk 0:13:01]} 40. Rxa6 {[%clk 0:58:50]} Ng5 {[%clk 0:40:26]} 41. a4
{[%clk 0:41:09]} bxa4 {[%clk 0:38:00]} 42. bxa4 {[%clk 0:41:33]} Kc4
{[%clk 0:38:25]} 43. Rg6 {[%clk 0:41:58]} Ne4 {[%clk 0:38:04]} 44. a5
{[%clk 0:42:24]} 1-0

[Event "Greek Championship 2018"]
[Site "Thessaloniki"]
[Date "2018.12.17"]
[Round "6.2"]
[White "Nikolaidis, Ioannis"]
[Black "Koutoukidis, Panagiotis"]
[Result "1/2-1/2"]
[BlackElo "2357"]
[WhiteElo "2564"]
[LiveChessVersion "1.4.8"]

1. d4 {[%clk 1:30:39]} Nf6 {[%clk 1:30:51]} 2. c4 {[%clk 1:31:00]} e6
{[%clk 1:31:18]} 3. Nf3 {[%clk 1:31:21]} d5 {[%clk 1:31:43]} 4. Nc3
{[%clk 1:31:46]} Be7 {[%clk 1:32:08]} 5. Bf4 {[%clk 1:31:19]} O-O
{[%clk 1:32:14]} 6. e3 {[%clk 1:31:43]} b6 {[%clk 1:32:27]} 7. Rc1
{[%clk 1:30:38]} Bb7 {[%clk 1:32:09]} 8. cxd5 {[%clk 1:30:18]} Nxd5
{[%clk 1:31:52]} 9. Nxd5 {[%clk 1:30:21]} Qxd5 {[%clk 1:32:07]} 10. a3
{[%clk 1:29:11]} Qa5+ {[%clk 1:32:18]} 11. Qd2 {[%clk 1:23:24]} Qxd2+
{[%clk 1:31:57]} 12. Kxd2 {[%clk 1:19:14]} c5 {[%clk 1:31:51]} 13. Bd3
{[%clk 1:18:58]} Nd7 {[%clk 1:25:42]} 14. Ke2 {[%clk 1:14:04]} Rac8
{[%clk 1:23:14]} 15. Bb5 {[%clk 1:10:08]} Rfd8 {[%clk 1:17:07]} 16. Rhd1
{[%clk 1:08:04]} Nf6 {[%clk 1:15:36]} 17. dxc5 {[%clk 1:05:41]} Rxd1
{[%clk 1:12:51]} 18. Kxd1 {[%clk 1:05:06]} Rxc5 {[%clk 1:12:13]} 19. Rxc5
{[%clk 1:05:29]} Bxc5 {[%clk 1:12:36]} 20. Ke2 {[%clk 1:02:32]} Kf8
{[%clk 1:03:40]} 21. Bd3 {[%clk 1:00:41]} Ke7 {[%clk 1:02:09]} 22. b4
{[%clk 0:56:49]} Bd6 {[%clk 1:02:31]} 23. Bxd6+ {[%clk 0:56:45]} Kxd6
{[%clk 1:02:57]} 24. Ng5 {[%clk 0:57:36]} Ke7 {[%clk 1:03:12]} 25. f3
{[%clk 0:57:56]} h6 {[%clk 1:03:00]} 26. Nh3 {[%clk 0:58:23]} e5 {[%clk 1:01:58]}
27. Nf2 {[%clk 0:58:30]} Bd5 {[%clk 0:59:20]} 28. Kd2 {[%clk 0:54:20]} Be6
{[%clk 0:57:27]} 29. f4 {[%clk 0:54:17]} exf4 {[%clk 0:57:21]} 30. exf4
{[%clk 0:54:44]} Kd6 {[%clk 0:56:40]} 1/2-1/2

[Event "Greek Championship 2018"]
[Site "Thessaloniki"]
[Date "2018.12.17"]
[Round "6.3"]
[White "Skaperdas, Kostantinos"]
[Black "Kourkoulos-Arditis, Stamatis"]
[Result "0-1"]
[BlackElo "2424"]
[WhiteElo "2231"]
[LiveChessVersion "1.4.8"]

1. Nf3 {[%clk 1:28:52]} g6 {[%clk 1:30:52]} 2. e4 {[%clk 1:19:56]} Bg7
{[%clk 1:31:04]} 3. d4 {[%clk 1:20:12]} d6 {[%clk 1:31:31]} 4. Bc4
{[%clk 1:19:34]} a6 {[%clk 1:31:26]} 5. O-O {[%clk 1:07:18]} e6 {[%clk 1:31:52]}
6. Bg5 {[%clk 0:58:25]} Ne7 {[%clk 1:31:42]} 7. Qd2 {[%clk 0:57:50]} h6
{[%clk 1:32:06]} 8. Be3 {[%clk 0:57:07]} Nd7 {[%clk 1:31:47]} 9. Bd3
{[%clk 0:53:23]} c5 {[%clk 1:22:58]} 10. c4 {[%clk 0:50:55]} Nc6 {[%clk 1:22:43]}
11. d5 {[%clk 0:40:38]} exd5 {[%clk 1:22:53]} 12. exd5 {[%clk 0:39:46]} Nce5
{[%clk 1:22:48]} 13. Nxe5 {[%clk 0:39:27]} Nxe5 {[%clk 1:23:12]} 14. Be2
{[%clk 0:38:42]} Qh4 {[%clk 1:16:59]} 15. g3 {[%clk 0:36:29]} Qf6
{[%clk 1:10:50]} 16. f3 {[%clk 0:33:40]} Bh3 {[%clk 1:08:48]} 17. Rf2
{[%clk 0:33:55]} g5 {[%clk 1:02:07]} 18. Nc3 {[%clk 0:32:29]} Qg6
{[%clk 1:02:26]} 19. f4 {[%clk 0:24:17]} gxf4 {[%clk 1:02:45]} 20. Bxf4
{[%clk 0:17:48]} O-O {[%clk 1:02:59]} 21. Bxe5 {[%clk 0:14:02]} Bxe5
{[%clk 1:03:19]} 22. Bd3 {[%clk 0:14:30]} Qg5 {[%clk 0:48:55]} 23. Qxg5+
{[%clk 0:14:24]} hxg5 {[%clk 0:49:20]} 24. Bf5 {[%clk 0:14:37]} Bxf5
{[%clk 0:49:45]} 25. Rxf5 {[%clk 0:15:03]} f6 {[%clk 0:50:11]} 26. Ne4
{[%clk 0:12:07]} Rae8 {[%clk 0:41:24]} 27. Kg2 {[%clk 0:11:48]} Bxb2
{[%clk 0:40:01]} 28. Rb1 {[%clk 0:11:09]} Rxe4 {[%clk 0:40:26]} 29. Rxb2
{[%clk 0:11:37]} Rf7 {[%clk 0:40:50]} 30. Rb6 {[%clk 0:07:21]} Rxc4
{[%clk 0:40:32]} 31. Rxd6 {[%clk 0:07:50]} Kg7 {[%clk 0:40:54]} 32. Rf2
{[%clk 0:06:59]} Rd4 {[%clk 0:36:17]} 33. Rc2 {[%clk 0:04:15]} c4
{[%clk 0:36:40]} 34. a4 {[%clk 0:04:10]} Rc7 {[%clk 0:31:39]} 35. a5
{[%clk 0:03:27]} c3 {[%clk 0:22:12]} 36. Kf3 {[%clk 0:03:52]} Kf7
{[%clk 0:22:28]} 37. Rd8 {[%clk 0:01:49]} Ke7 {[%clk 0:17:30]} 38. Rh8
{[%clk 0:01:14]} Kd6 {[%clk 0:17:03]} 39. Rd8+ {[%clk 0:01:12]} Ke5
{[%clk 0:17:13]} 40. Re2+ {[%clk 0:30:37]} Kf5 {[%clk 0:47:37]} 41. d6
{[%clk 0:29:04]} Rd3+ {[%clk 0:47:30]} 42. Kf2 {[%clk 0:28:37]} Rc5
{[%clk 0:47:31]} 43. Rc2 {[%clk 0:24:42]} Rxa5 {[%clk 0:47:46]} 44. Rb8
{[%clk 0:17:59]} Rb5 {[%clk 0:47:39]} 45. Ke2 {[%clk 0:17:57]} Rxd6
{[%clk 0:48:01]} 46. Rxc3 {[%clk 0:18:07]} Re5+ {[%clk 0:48:21]} 47. Kf1
{[%clk 0:15:00]} Rd1+ {[%clk 0:48:45]} 48. Kf2 {[%clk 0:15:26]} Rd2+
{[%clk 0:49:12]} 49. Kf1 {[%clk 0:15:50]} Rb5 {[%clk 0:49:37]} 0-1

[Event "Greek Championship 2018"]
[Site "Thessaloniki"]
[Date "2018.12.17"]
[Round "6.4"]
[White "Mastrovasilis, Athanasios"]
[Black "Gouloutis, Nikolaos"]
[Result "1-0"]
[BlackElo "2353"]
[WhiteElo "2510"]
[LiveChessVersion "1.4.8"]

1. c4 {[%clk 1:30:55]} e5 {[%clk 1:29:49]} 2. Nc3 {[%clk 1:29:47]} Bb4
{[%clk 1:28:56]} 3. g3 {[%clk 1:23:48]} d6 {[%clk 1:18:52]} 4. Qa4+
{[%clk 1:11:07]} Nc6 {[%clk 1:19:17]} 5. Nd5 {[%clk 1:11:33]} Bc5
{[%clk 1:19:27]} 6. b4 {[%clk 1:01:09]} Bd4 {[%clk 1:19:44]} 7. Rb1
{[%clk 1:08:00]} Bd7 {[%clk 1:05:12]} 8. Bg2 {[%clk 0:43:30]} Nce7
{[%clk 0:59:37]} 9. Qb3 {[%clk 0:43:36]} Nxd5 {[%clk 0:54:23]} 10. Bxd5
{[%clk 0:40:23]} c6 {[%clk 0:54:49]} 11. Bg2 {[%clk 0:40:42]} Rb8
{[%clk 0:45:43]} 12. Nf3 {[%clk 0:37:14]} Bb6 {[%clk 0:44:12]} 13. Bb2
{[%clk 0:36:52]} Bc7 {[%clk 0:40:49]} 14. c5 {[%clk 0:27:10]} Qe7
{[%clk 0:36:57]} 15. cxd6 {[%clk 0:27:07]} Bxd6 {[%clk 0:37:23]} 16. Qe3
{[%clk 0:25:43]} Bf5 {[%clk 0:29:50]} 17. Rc1 {[%clk 0:24:09]} Nf6
{[%clk 0:30:07]} 18. Bxe5 {[%clk 0:12:44]} O-O {[%clk 0:24:06]} 19. Bxd6
{[%clk 0:12:25]} Qxd6 {[%clk 0:24:32]} 20. Qc5 {[%clk 0:12:18]} Qd7
{[%clk 0:07:42]} 21. O-O {[%clk 0:12:40]} Rfe8 {[%clk 0:08:05]} 22. Rfe1
{[%clk 0:11:11]} Ne4 {[%clk 0:06:16]} 23. Qd4 {[%clk 0:10:38]} Rbd8
{[%clk 0:04:19]} 24. Qxd7 {[%clk 0:10:46]} Rxd7 {[%clk 0:04:38]} 25. Nh4
{[%clk 0:09:03]} Bg6 {[%clk 0:03:14]} 26. d3 {[%clk 0:09:09]} Nd6
{[%clk 0:03:39]} 27. Nxg6 {[%clk 0:08:14]} hxg6 {[%clk 0:04:05]} 28. e3
{[%clk 0:08:17]} g5 {[%clk 0:03:48]} 29. h3 {[%clk 0:06:30]} Ra8 {[%clk 0:02:22]}
30. Rc5 {[%clk 0:06:43]} f6 {[%clk 0:02:49]} 31. d4 {[%clk 0:06:31]} Kf8
{[%clk 0:01:57]} 32. a4 {[%clk 0:06:20]} a6 {[%clk 0:02:15]} 33. d5
{[%clk 0:04:40]} cxd5 {[%clk 0:02:16]} 34. Rxd5 {[%clk 0:05:00]} Ke7
{[%clk 0:01:36]} 35. Red1 {[%clk 0:05:07]} Rc8 {[%clk 0:00:49]} 36. h4
{[%clk 0:04:01]} g4 {[%clk 0:00:46]} 37. R5d4 {[%clk 0:04:19]} f5
{[%clk 0:00:34]} 38. e4 {[%clk 0:02:20]} fxe4 {[%clk 0:00:50]} 39. Bxe4
{[%clk 0:02:40]} Rdd8 {[%clk 0:01:05]} 40. Bg2 {[%clk 0:32:27]} Nf7
{[%clk 0:30:35]} 41. Re1+ {[%clk 0:27:58]} Kf8 {[%clk 0:30:09]} 42. Rxg4
{[%clk 0:26:28]} b5 {[%clk 0:30:29]} 43. a5 {[%clk 0:25:29]} Rc4 {[%clk 0:28:00]}
44. Rxc4 {[%clk 0:19:02]} bxc4 {[%clk 0:28:26]} 45. b5 {[%clk 0:18:00]} Rd7
{[%clk 0:23:01]} 46. Bc6 {[%clk 0:14:52]} 1-0